000 00537nam a2200193Ia 4500
005 20250923145517.0
008 008 250917s9999 xx 000 0 eng d
037 _aTextual
040 _aDSWL
_beng
_cDSWL
041 _aeng
_2eng
084 _aY15.791, N79
_qDSWL
245 0 _aWomen in Latin America
_c Ed.by E.Leacock
260 _aCalifornia
_bLatin American Perspectives
_c1979
300 _a164p.
365 _aUSD
_b4.95
925 _g4.95
942 _cTEXL
_hY15.791, N79
999 _c1452250
_d1452250